[Event "Moscow Open-F 2019"]
[Site "Moscow"]
[Date "2019.01.28"]
[Round "4"]
[White "Tekeyev, Zaur"]
[Black "Bazarov, Vladimir"]
[Result "1-0"]
[WhiteElo "2392"]
[BlackElo "1800"]
[Annotator "TA"]
[PlyCount "79"]
[EventDate "2019.01.26"]
[EventType "swiss"]
[EventCountry "RUS"]
[SourceTitle "playchess.com"]
[Source "ChessBase"]
[SourceQuality "1"]

{[%evp 12,79,45,20,59,58,68,62,56,47,39,29,130,7,59,72,91,53,61,63,95,89,116,108,109,95,112,53,116,112,178,172,197,201,204,205,209,189,275,241,395,381,386,387,354,364,430,430,342,280,272,294,284,102,105,6,471,477,472,136,475,471,1477,1477,29988,1828,1899,1874,1698,1604]} 1. e4 d6 2. d4 Nf6 3. Nc3 g6 4. Nf3 {[%cal Bg1f3,Bf3d2,Bd2c4][%mdl 32]} Bg7 5. h3 O-O 6. Be3 Nbd7 7. a4 c5 {B08: Pirc Defence: Classical System} 8. d5 $1 Qa5 9. Nd2 Ne8 {White is slightly better.} 10. Ra3 Nb6 11. Bd3 $146 ({Predecessor:} 11. Be2 Bd7 12. O-O Bxa4 13. Nxa4 Nxa4 14. b3 b5 15. bxa4 bxa4 {1-0 (43) Rohl Montes,J (2330)-Taitt,J Port of Spain 1999}) 11... Bd7 (11... f5 $11 {keeps the balance.}) 12. Qa1 (12. O-O $16 {Hoping for Nb3.} Bxc3 13. bxc3 (13. Rxc3 f5 $16)) 12... Nc8 (12... f5 $11) 13. O-O e6 14. Nc4 Qd8 15. Qc1 Nb6 16. Bg5 f6 17. Nxb6 Qxb6 18. dxe6 Bxe6 19. Bf4 (19. a5 $16 Qc6 20. Bb5) 19... c4 ({Better is} 19... Nc7 $14) 20. Be2 $16 f5 {[#]} (20... Rd8 $16 {was worth a try.}) 21. exf5 $1 $18 gxf5 22. Bf3 Nf6 23. a5 Qa6 24. Ne2 Ne4 (24... d5 $142 25. Be5 Bf7) 25. Bh6 {And now Bxe4 would win.} Rf6 $2 (25... Bf7 26. Bxg7 Kxg7 27. Bxe4 fxe4 28. Rg3+ Bg6) 26. Bxg7 Kxg7 27. Bxe4 fxe4 28. Qg5+ Kf7 29. Qh5+ Kg8 {[#]} 30. Nf4 $1 {[%mdl 512]} Kh8 (30... Rxf4 31. Qg5+) 31. Qg5 Rf5 {[#]} 32. Qh4 $2 (32. Ng6+ $1 $18 {[%mdl 512] and White stays clearly on top.} Kg7 (32... hxg6 33. Qxg6) 33. Qe7+ {[%mdl 64] Double Attack} Rf7 34. Qxe6 hxg6 35. Rg3 (35. Qxe4 Raf8 $18)) 32... Bf7 $16 33. Rg3 $40 {[%mdl 128] White has some attack.} (33. Ne2 $16 {Threatens to win with Nd4.} d5 34. f4) 33... Rg8 $2 {[%mdl 8192]} (33... Qxa5 $11 {and Black is okay.} 34. Ne2 Qe5) 34. Rxg8+ $18 {[%mdl 64] Overworked Piece} Bxg8 35. Ng6+ $1 {[%mdl 64] Discovered Attack} Kg7 36. Ne7 Rf8 (36... Qxa5 $142 37. Nxf5+ Qxf5 38. Qe7+ Bf7 39. Qxd6 h6) 37. Qg5+ Kf7 38. Nf5 (38. Nd5 $142 Ke6 39. Rd1 Kd7 40. Qe7+ {[%mdl 64] Double Attack} Kc6 41. Nb4+ {[%mdl 64] Double Attack} Kb5 42. Nxa6 Kxa6 43. Qxf8) 38... Re8 39. Rd1 d5 40. Nh6+ {Accuracy: White = 59%, Black = 35%.} 1-0

[Event "Moscow Open-F 2019"]
[Site "Moscow"]
[Date "2019.01.28"]
[Round "4"]
[White "Smirnov, Timofey"]
[Black "Teiitbaev, Aktilek"]
[Result "1-0"]
[WhiteElo "2347"]
[BlackElo "2229"]
[Annotator "TA"]
[PlyCount "71"]
[EventDate "2019.01.26"]
[EventType "swiss"]
[EventCountry "RUS"]
[SourceTitle "playchess.com"]
[Source "ChessBase"]
[SourceQuality "1"]

{[%evp 18,71,22,-8,75,67,72,66,66,51,112,104,120,124,138,133,161,162,170,170,177,157,268,268,250,217,243,245,387,402,389,389,383,331,322,316,343,345,429,391,389,386,506,497,474,418,435,402,499,444,952,947,1061,1056,1807,1153]} 1. e4 c5 2. Nf3 d6 3. d4 cxd4 4. Nxd4 Nf6 5. Nc3 a6 6. Be2 e5 7. Nb3 Be7 8. Be3 Be6 9. Nd5 Nbd7 10. f3 {LiveBook: 7 Games. B92: Sicilian Najdorf: 6 Be2} (10. Qd3 O-O 11. O-O Bxd5 12. exd5 Rc8 13. c4 Ne8 14. f3 g6 15. Kh1 Ng7 16. Bg1 Bg5 17. Rad1 h5 18. Nd2 f5 19. b4 h4 20. c5 dxc5 21. d6 cxb4 {1-0 (45) Karjakin,S (2782)-Grischuk,A (2766) Paris 2018}) 10... Rc8 {[#]} (10... Bxd5 $11 {keeps the balance.} 11. exd5 O-O) 11. c4 $1 $16 Nh5 12. Qd2 {White is better.} Bxd5 13. cxd5 {[#]} h6 $146 (13... f5 $14) ({Predecessor:} 13... Nf4 14. Bf1 {1-0 (43) Nyzhnyk,I (2444)-Neverov,V (2571) Poltava 2008}) 14. Na5 Rb8 15. Nc4 O-O 16. g3 Rc8 17. O-O Nhf6 18. Rfc1 Rc7 19. Na5 Ne8 (19... Nc5 $16 {is a better defense.} 20. a4 Nh7) 20. Rxc7 $18 Qxc7 21. Rc1 Qb8 {[#]} 22. Bxa6 $1 {[%mdl 576] Deflection} bxa6 (22... f5 $142 23. exf5 (23. Nxb7 fxe4 24. fxe4 Bg5 $14) 23... bxa6) 23. Nc6 $1 {[%csl LRb8,LRe7][%mdl 64] Double Attack} Qb7 24. Nxe7+ Kh7 25. b3 h5 26. Qc3 Ndf6 27. Nc8 h4 28. Bd2 Qd7 29. Kg2 Rh8 30. Qc6 Qd8 31. Be3 Qa5 32. Qa4 Qd8 33. Bb6 {White is clearly winning.} Nc7 (33... Qd7 $142 34. Qxd7 Nxd7) 34. Rxc7 Nh5 35. Ne7 Qb8 36. Qc6 {Accuracy: White = 93%, Black = 32%.} 1-0

[Event "Moscow Open-F 2019"]
[Site "Moscow"]
[Date "2019.01.28"]
[Round "4"]
[White "Fotin, Vladimir"]
[Black "Jaiswal, Rupesh"]
[Result "1-0"]
[WhiteElo "2341"]
[BlackElo "2141"]
[Annotator "NA RC"]
[PlyCount "53"]
[EventDate "2019.01.26"]
[EventType "swiss"]
[EventCountry "RUS"]
[SourceTitle "playchess.com"]
[Source "ChessBase"]
[SourceQuality "1"]
[TimeControl "40/5400+30:1800+30"]

1. d4 {[%emt 0:00:00]} Nf6 {[%emt 0:01:45]} 2. Nf3 {[%emt 0:00:15]} g6 {[%emt 0:00:38]} 3. Nbd2 {[%emt 0:00:21]} d5 {[%emt 0:01:21]} 4. b4 {[%emt 0:00:20] D02: 1 d4 d5 2 Nf3 sidelines, including 2...Nf6 3 g3 and 2...Nf6 3 Bf4} (4. e3 Bg7 5. b4 O-O 6. Bb2 c6 7. c4 Nbd7 8. a4 Ne4 9. cxd5 Nxd2 10. Qxd2 cxd5 11. Bd3 Nf6 12. O-O Ne4 13. Qe2 Nd6 14. Rfc1 Bf5 15. Bxf5 gxf5 {1-0 (47) Sargissian,G (2689)-Kovalev,V (2683) St Petersburg 2018}) 4... a5 {[%emt 0:01:50]} 5. b5 {[%emt 0:00:12]} Bg7 {[%emt 0:00:51]} 6. e3 {[%emt 0:00:17]} O-O {[%emt 0:00:25]} 7. Be2 {[%emt 0:00:44]} c5 {[%emt 0:00:34]} 8. bxc6 bxc6 {[%emt 0:00:53]} 9. Ba3 {[%emt 0:01:52]} Re8 {[%emt 0:02:08]} 10. O-O {[%emt 0:00:47]} Ba6 {[%emt 0:03:27]} 11. Rb1 {[%emt 0:01:43]} Nfd7 {[%emt 0:02:01]} 12. c4 {[%emt 0:02:35]} e5 $146 {[%emt 0:04:57]} ({Predecessor:} 12... e6 13. Re1 {1-0 (54) Olson,H (2123)-Srebrnic,V (2136) Trieste 2017}) 13. dxe5 {[%emt 0:00:30]} Nxe5 {[%emt 0:00:30]} 14. Nxe5 Rxe5 {[%emt 0:02:36]} 15. Nf3 {[%emt 0:13:46]} Re4 {[%emt 0:02:30]} 16. cxd5 {[%emt 0:09:29]} cxd5 {[%emt 0:03:20]} 17. Bb5 {[%emt 0:01:49]} Rb4 {[%emt 0:11:13]} 18. Bxb4 {[%emt 0:26:31]} Bxb5 {[%emt 0:00:06]} 19. Be7 {[%emt 0:01:36]} Qd7 {[%emt 0:00:40]} 20. Qb3 {[%emt 0:01:24]} Bxf1 {[%emt 0:05:10]} 21. Qxb8+ {[%emt 0:01:55]} Rxb8 {[%emt 0:02:10]} 22. Rxb8+ {[%emt 0:00:26]} Bf8 $1 {[%emt 0:00:11]} 23. Bxf8 {[%emt 0:00:40]} Ba6 {[%emt 0:01:07]} 24. Ne5 {[%emt 0:08:35]} Qe6 $1 {[%emt 0:09:15]} 25. Rd8 {[%emt 0:00:47]} Bb5 $18 {[%emt 0:04:52]} (25... Qb6 $1 $14 26. Be7+ Kg7) 26. Bh6+ {[%emt 0:00:34]} Be8 {[%emt 0:01:57]} 27. Ng4 {[%emt 0:00:11]} 1-0

[Event "Moscow Open-F 2019"]
[Site "Moscow"]
[Date "2019.01.28"]
[Round "4"]
[White "Derevianchenko, Ilia"]
[Black "Seliverstov, Vladislav"]
[Result "0-1"]
[WhiteElo "2339"]
[BlackElo "2103"]
[Annotator "TA"]
[PlyCount "157"]
[EventDate "2019.01.26"]
[EventType "swiss"]
[EventCountry "RUS"]
[SourceTitle "playchess.com"]
[Source "ChessBase"]
[SourceQuality "1"]

{[%evp 17,157,0,7,-47,-14,-80,-5,-8,0,-49,-44,-48,-54,-45,-39,-50,-43,-68,-68,-66,-65,-74,-70,-74,-80,-100,-72,-74,-49,-49,-52,-52,-42,-62,-43,-49,-47,-49,-55,-79,-41,-60,-60,-58,0,0,0,-8,-8,-1,-10,-9,0,-6,0,0,0,-11,0,0,9,9,69,27,154,152,104,0,15,0,0,0,-11,-87,-58,-364,-375,-372,-355,-340,-354,-534,-534,-533,-421,-513,-455,-418,-418,-526,-417,-408,-345,-376,-369,-405,-381,-533,-468,-557,-557,-512,-309,-810,-810,-803,-666,-799,-796,-800,-796,-759,-758,-742,-679,-433,-433,-787,-754,-4383,-4134,-2567,-2396,-1859,-1176,-3555,-3129,-5700,-5318,-29977,-29979,-29978,-29979,-29987,-6203,-29989,-29987,-29990,-29990,-29992,-29988,-29990]} 1. e4 c6 2. d4 d5 3. exd5 cxd5 4. c4 Nf6 5. Nc3 g6 6. Bg5 Bg7 7. Bxf6 Bxf6 8. cxd5 O-O 9. Nf3 e6 {LiveBook: 12 Games. B14: Caro-Kann: Panov-Botvinnik Attack with 5...e6 and 5...g6} (9... Nd7 10. Bc4 Nb6 11. Bb3 Bg4 12. O-O Rc8 13. Rb1 Qd7 14. Re1 Bxf3 15. Qxf3 Bxd4 16. Ne4 Bg7 17. Rbd1 Nc4 18. Bxc4 Rxc4 19. d6 exd6 20. Nxd6 {1-0 (54) Korobov,A (2695)-Sunilduth Lyna,N (2551) Dubai 2017}) 10. Qb3 ({White should play} 10. Bc4 $11) 10... exd5 $15 11. Nxd5 $146 {[#]} (11. Be2 $11) ({Predecessor:} 11. Be2 Nc6 12. Rd1 Re8 13. O-O Rb8 14. Rfe1 Be6 15. h3 a6 16. Bf1 Qd6 17. Qb6 {½-½ (48) Galic,Z (2365)-Sermek,D (2365) Pula 1990}) 11... Bg7 (11... Qa5+ $1 $17 12. Kd1 Qd8 13. Nxf6+ Qxf6) 12. Ne3 Nc6 13. O-O-O Nxd4 14. Nxd4 Bxd4 15. Kb1 Qb6 16. Bc4 Bxe3 17. fxe3 Bf5+ 18. Ka1 Qxb3 19. Bxb3 Rfe8 20. Bd5 Re7 21. a4 Rb8 22. Rhe1 Be4 23. b3 Bxd5 24. Rxd5 {[%mdl 4096] Endgame KRR-KRR} Rbe8 25. Rd3 f5 26. g3 Kf7 27. Kb2 Kf6 28. Kc3 Kg5 29. Kd2 Kg4 30. Rf1 Rc8 (30... Rc7 $15) 31. Rd4+ $11 Kg5 32. h3 Rec7 {aiming for ...Rc2+.} 33. Ke2 Rc2+ 34. Kf3 $1 Rb2 35. b4 Rcc2 36. h4+ Kf6 37. g4 fxg4+ 38. Kxg4+ Ke6 39. Kg5 {With the idea Rf6+.} Rc7 (39... Rf2 $1 $11 40. Re4+ Kd5 41. Rd4+ Ke6 42. Re4+ Kd5 43. Rxf2 Rxf2) 40. Rf8 Re2 (40... a6 $11 {remains equal.}) 41. Re4+ $16 Kd5 {[#]} 42. Rd4+ (42. Rfe8 $1 $16 {White wants to mate with Rd4+.} Rd2 43. R8e7 Rxe7 44. Rxe7 Rg2+ 45. Kf4) 42... Ke6 $11 43. Re8+ Kf7 44. Rh8 Kg7 $1 45. Rhd8 (45. Re8 $1 $11 {keeps the balance.}) 45... Rxe3 {Hoping for ...Rf7.} 46. b5 $2 {[%mdl 8192]} (46. Kf4 $15 Ree7 47. h5) 46... Rf7 $19 {( -> ...Rg3+)} 47. h5 {[%csl Gg5][%cal Rh5h6]} Re5+ 48. Kg4 Rxh5 ({Not} 48... gxh5+ 49. Kh4 $17) 49. Ra8 (49. b6 $142 axb6 50. Rb4) 49... b6 50. Rc8 Rh1 51. Rc6 Rg1+ 52. Kh3 Rg5 53. Kh4 Kh6 {Strongly threatening ...Rf1.} 54. Kh3 Rg1 55. Kh2 Rgf1 56. Kg3 Kg7 57. Rcd6 R1f5 58. Rc6 Rf3+ 59. Kg2 R3f4 60. Rcd6 $2 (60. Rxf4 Rxf4 61. a5) 60... Rxd4 61. Rxd4 {KR-KR} Kf6 62. Kg3 h5 63. Rd6+ Kg5 64. Rd5+ Kh6 65. Rd6 Rc7 66. Rc6 Rd7 67. Rc4 (67. a5 $142 bxa5 68. Ra6) 67... Rd3+ 68. Kg2 Ra3 69. Rd4 Kg5 70. Rc4 Kf5 71. Kf2 g5 {[%cal Bg6g5,Bg5g4][%mdl 32]} 72. Kg2 g4 73. Rd4 h4 74. Rd5+ Ke4 75. Rh5 h3+ (75... Ra2+ $142 76. Kg1 Kf3 77. Rf5+ Kg3 78. Rf6 h3 79. Kf1 h2 80. Rh6 Kf3 81. Ke1 g3 82. Rh7 g2 83. Rf7+ Ke4 84. Re7+ Kf5 85. Rf7+ Kg6 86. Rf8 h1=Q+ 87. Rf1 gxf1=Q#) 76. Kf2 Kf4 {Black mates.} 77. a5 Ra2+ 78. Kf1 Kg3 79. Ke1 {Accuracy: White = 30%, Black = 54%.} 0-1

[Event "Moscow Open-F 2019"]
[Site "Moscow"]
[Date "2019.01.28"]
[Round "4"]
[White "Nyudleev, Dolgan"]
[Black "Sarana, Alexey"]
[Result "0-1"]
[WhiteElo "2333"]
[BlackElo "2630"]
[Annotator "TA"]
[PlyCount "120"]
[EventDate "2019.01.26"]
[EventType "swiss"]
[EventCountry "RUS"]
[SourceTitle "playchess.com"]
[Source "ChessBase"]
[SourceQuality "1"]

{[%evp 12,120,18,10,15,15,17,13,46,4,14,20,35,6,29,35,28,30,26,0,-7,-7,-14,-31,-27,-30,-18,-19,-21,-12,-14,-18,-20,-25,-21,-24,-1,-33,-31,-14,-14,-15,-16,-12,0,-1,0,-2,0,0,0,0,0,-8,-8,-8,-4,-8,0,-15,-5,-68,-62,-55,-66,-80,-80,-80,-80,-81,-79,-74,-72,-116,-116,-116,-116,-29967,-29968,-29971,-29972,-29970,-29973,-29976,-29977,-29977,-29978,-29978,-29978,-29978,-29979,-29979,-29980,-29980,-29981,-29981,-29982,-29982,-29983,-29983,-29984,-29988,-29989,-29989,-29990,-29990,-29991,-29991,-29992,-29992,-29993]} 1. e4 c5 2. Nf3 d6 3. Bb5+ Nd7 4. d4 cxd4 5. Qxd4 a6 6. Bxd7+ Bxd7 7. O-O h6 {B51: Sicilian: Moscow Variation (3 Bb5+) without 3...Bd7} (7... e5 8. Qd3 h6 9. a4 Nf6 10. a5 Be7 11. c4 b5 12. axb6 Qxb6 13. Nc3 O-O 14. Be3 Qb7 15. h3 Rfc8 16. Nd2 Be6 17. Rfb1 a5 18. b3 Ra6 19. Ra2 Bd7 20. Rba1 {½-½ (20) Wang,H (2730)-Nepomniachtchi,I (2763) St Petersburg 2018}) 8. e5 dxe5 9. Nxe5 Bf5 $146 {The position is equal.} ({Predecessor:} 9... Nf6 10. Nc3 Bf5 11. Qc4 e6 12. Bf4 Be7 13. Rfd1 Qa5 14. a3 Qc5 15. Qe2 {½-½ (32) Delchev,A (2596)-Paragua,M (2508) Istanbul 2012}) 10. Qa4+ (10. Qf4 $5 {[%cal Rf4f5]} Qc8 11. Nc3 $14) 10... b5 11. Qb3 {[%csl Ge5][%cal Rb3f7] [#]} e6 12. Qf3 Qd5 13. Qxd5 exd5 14. Re1 {Hoping for Ng6+.} Ne7 15. c3 f6 $36 {[%mdl 2048] White is under pressure.} 16. Nc6 Kf7 17. Nxe7 Bxe7 18. Be3 Rhc8 19. Rd1 Be6 20. a3 a5 21. Nd2 b4 22. axb4 axb4 23. Bd4 Bf5 24. Rxa8 (24. Nf1 {keeps more tension.} Rcb8 25. Ne3 Be6 26. f4 g6 27. g4) 24... Rxa8 25. cxb4 Bxb4 26. Nf1 Be6 27. Ne3 g5 28. g4 Bd6 29. h3 h5 30. Kg2 hxg4 31. hxg4 Bf4 32. Bc3 Rd8 33. Kf3 Kg6 34. Bd4 Rh8 35. Bc3 Bxe3 36. fxe3 $11 {[%mdl 4096] Endgame KRB-KRB} (36. Kxe3 $11 Rh3+ 37. Kd4) 36... Rh3+ $15 37. Kf2 Bxg4 38. Rxd5 Rf3+ 39. Kg2 Rxe3 {And now ...Bf3+ would win.} 40. Rd6 Be6 41. Kf2 Re4 42. Rd4 Rxd4 43. Bxd4 $17 {[#] KB-KB} f5 $1 {[%cal Bf6f5,Bf5f4][%mdl 32]} 44. b4 $2 {[%mdl 8192]} (44. Ke3 $17) 44... f4 {Black mates.} 45. Kf3 Kf5 46. Kg2 g4 {[%cal Bg5g4,Bg4g3][%mdl 32]} 47. b5 g3 48. b6 Kg4 49. Kg1 Bd5 50. Be5 Bb7 51. Kf1 f3 52. Bd4 Kf4 53. Kg1 Ke4 54. Bc5 Ba6 55. b7 Bxb7 56. Bb6 Kd3 57. Kf1 Kd2 58. Ba5+ Kd1 59. Bb6 Ba6+ 60. Kg1 Ke2 {Accuracy: White = 54%, Black = 76%.} 0-1

[Event "Moscow Open-F 2019"]
[Site "Moscow"]
[Date "2019.01.28"]
[Round "4"]
[White "Ivlev, Aleksey"]
[Black "Mokshanov, Alexey"]
[Result "1/2-1/2"]
[WhiteElo "2326"]
[BlackElo "2442"]
[Annotator "TA"]
[PlyCount "62"]
[EventDate "2019.01.26"]
[EventType "swiss"]
[EventCountry "RUS"]
[SourceTitle "playchess.com"]
[Source "ChessBase"]
[SourceQuality "1"]

{[%evp 24,62,48,45,40,0,0,0,0,0,0,0,0,0,0,0,0,-374,-384,-391,-381,-381,-377,-384,-375,-375,-375,-383,-381,-377,-363,-366,0,0,0,-356,0,0,0,-335,0]} 1. d4 d5 2. c4 e6 3. Nf3 Nf6 4. g3 dxc4 5. Bg2 a6 6. O-O Nc6 7. e3 Rb8 8. Nfd2 e5 {E04: Open Catalan: 5 Nf3} 9. Bxc6+ bxc6 10. dxe5 Ng4 11. Nxc4 Be6 12. Nbd2 h5 {[%cal Bh7h5,Bh5h4,Bh4g3][%mdl 32]} 13. f3 {LiveBook: 5 Games} Rb4 {[#]} 14. Qe2 $146 ({Predecessor:} 14. fxg4 Bxc4 15. Nxc4 Qxd1 16. Rxd1 Rxc4 {1-0 (40) Ding,L (2777)-Mamedyarov,S (2799) Huaian 2017}) 14... h4 $1 {[%cal Rh4g3]} 15. fxg4 {And now gxh4 would win.} hxg3 16. b3 Rxh2 17. Qf3 $1 {[%csl LRc6,LRg3][%mdl 64] Double Attack} Qh4 $1 $40 {[%mdl 128] Black attacks.} 18. Qxc6+ {[%mdl 64] Double Attack} Bd7 $1 {[%cal Rd7c6]} 19. Qa8+ Ke7 20. Qd5 $2 {[%mdl 8192]} (20. Ba3 $2 Rxd2 $1 {[%mdl 512]} 21. Rf2 Rxf2 $19) (20. Rf5 $11 Bxf5 21. Ba3) 20... Be6 $1 $19 {[%cal Re6d5]} 21. Qc5+ (21. Qc6 Rxd2 $1 {[%mdl 512]} 22. Qc5+ Ke8 $19) 21... Kd7 22. Rxf7+ Bxf7 23. e6+ Kxe6 {[%cal Bd7e6,Be6e7,Be7d8][%mdl 32]} 24. Qf5+ (24. Qc6+ Bd6 $19) 24... Ke7 25. Qc5+ Kd8 $1 (25... Ke8 26. Qc6+ Kd8 27. Qa8+ Ke7 28. Ba3 $11) 26. Qxf8+ Be8 27. Qf3 (27. Qxb4 Rh1+ 28. Kg2 Bc6+ 29. e4 Qh2+ 30. Kf3 Qf2#) 27... Bc6 $2 (27... Rf2 28. Qh1 $11) ({Black should try} 27... g2 $1 $19 28. Qa8+ {[%mdl 64] Double Attack} Ke7 29. Qe4+ Kd8 30. Qa8+ {[%mdl 64] Double Attack} Ke7 31. Qe4+ Kd8 32. Qa8+ {[%mdl 64] Double Attack}) 28. Qf8+ $2 {[%mdl 8192]} (28. Qxc6 $11 {and White is okay.} Rxd2 29. Qa8+ Ke7 30. Qe4+ Kd8 31. Qa8+ {[%mdl 64] Double Attack} Ke7 32. Qe4+ Kd8 33. Qa8+ {[%mdl 64] Double Attack}) 28... Be8 29. Qf3 {[#]} (29. Qxb4 Rh1+ 30. Kg2 Bc6+ 31. e4 Qh2+ 32. Kf3 Qf2#) 29... Bc6 $2 ({Not} 29... Rf2 30. Qh1 $11) (29... g2 $1 $19 {( -> ...Rh1+)} 30. Qa8+ {[%mdl 64] Double Attack} Ke7 31. Qe4+ Kd8 32. Qa8+ {[%mdl 64] Double Attack} Ke7 33. Qe4+ Kd8 34. Qa8+ {[%mdl 64] Double Attack}) 30. Qf8+ $2 {[%mdl 8192]} (30. Qxc6 $11 Rxd2 31. Qa8+ Ke7 32. Qe4+ Kd8 33. Qa8+ {[%mdl 64] Double Attack} Ke7 34. Qe4+ Kd8 35. Qa8+ {[%mdl 64] Double Attack}) 30... Be8 31. Qf3 {[#]} (31. Qxb4 {gets mated.} Rh1+ 32. Kg2 Bc6+ 33. e4 Qh2+ 34. Kf3 Qf2#) 31... Bc6 $2 {Accuracy: White = 84%, Black = 63%.} (31... Rf2 32. Qa8+ Ke7 33. Qe4+ Kf8 34. Qh1 $11) (31... g2 $1 $19 32. Qa8+ {[%mdl 64] Double Attack} Ke7 33. Qe4+ Kd8 34. Qa8+ {[%mdl 64] Double Attack} Ke7 35. Qe4+ Kd8 36. Qa8+ {[%mdl 64] Double Attack}) 1/2-1/2

[Event "Moscow Open-F 2019"]
[Site "Moscow"]
[Date "2019.01.28"]
[Round "4"]
[White "Rudometov, Maxim"]
[Black "Pischasov, Alexander"]
[Result "0-1"]
[WhiteElo "2265"]
[BlackElo "2022"]
[Annotator "TA"]
[PlyCount "90"]
[EventDate "2019.01.26"]
[EventType "swiss"]
[EventCountry "RUS"]
[SourceTitle "playchess.com"]
[Source "ChessBase"]
[SourceQuality "1"]

{[%evp 14,90,-16,-43,-42,-37,-35,-48,-29,-70,-56,-82,-45,-89,-71,-76,-67,-66,-31,-52,-43,-54,-79,-61,-60,-60,-33,-122,-56,-125,-122,-154,-106,-120,-100,-96,-93,-183,-182,-213,-221,-349,-133,-485,-493,-1173,-1179,-1129,-1091,-1653,-1609,-29978,-29968,-3375,-1592,-1992,-2093,-2044,-2027,-1997,-1976,-1721,-1756,-1447,-1312,-1316,-1274,-1279,-1114,-2347,-2161,-5539,-5176,-29982,-5443,-29992,-29993,-29993,-1742]} 1. c4 e5 2. g3 Nf6 3. Bg2 c6 4. d3 d5 5. cxd5 cxd5 6. Nf3 Nc6 7. O-O Be7 {A11: English Opening: 1...c6} 8. b3 {LiveBook: 3 Games} (8. Bg5 O-O 9. Nc3 Be6 10. a3 h6 11. Bxf6 Bxf6 12. Rc1 Rc8 13. Nd2 Qd7 14. Qa4 Rfd8 15. Nf3 {½-½ (61) Mamedov,R (2660)-Rublevsky,S (2683) Khanty-Mansiysk 2010}) 8... O-O 9. Bb2 d4 {Black is slightly better.} 10. Nbd2 Nd5 11. Rc1 f6 12. Ne4 $146 ({Predecessor:} 12. a3 a5 13. Ne4 Be6 14. Nc5 Bxc5 15. Rxc5 {½-½ (25) Ghosh,D (2417)-Aravindh,C (2245) Nagpur 2012}) 12... Kh8 13. Qd2 a5 14. e3 {[#]} dxe3 $1 15. fxe3 Ndb4 16. Rcd1 Bf5 17. Qe2 Bxe4 18. dxe4 Qb6 19. Bc1 Qa6 20. Qf2 (20. Qxa6 $15 Nxa6 21. Nd2) 20... Nd3 (20... Rfd8 $17 21. Rxd8+ Rxd8) 21. Qd2 (21. Qe2 $15 Rfd8 22. Bd2) 21... Rfd8 $17 22. Nh4 Bb4 23. Qc2 Nxc1 {[%mdl 64] Overworked Piece} 24. Qxc1 Qe2 $36 {[%mdl 2048] Black is on the roll.} 25. Bf3 (25. Rd5 $17) 25... Qxa2 $19 26. Qc4 a4 {Strongly threatening ...Rxd1.} 27. Rb1 (27. Qf7 {might work better.} Qxb3 28. Qxb7) 27... axb3 $2 (27... a3 $19 {is more deadly. ...Qd2 is the strong threat.} 28. Nf5 Bf8) 28. Qf7 $2 {[%mdl 8192]} (28. Qxb3 $17 Qxb3 29. Rxb3) 28... b2 29. Qh5 {[#]} (29. Qxa2 $142 Rxa2 30. Be2) 29... Qxb1 $1 {[%mdl 512]} 30. Rxb1 Ra1 31. Ng6+ Kg8 32. Bg4 Rxb1+ 33. Kg2 {[#]} Rg1+ $1 {[%mdl 512]} 34. Kh3 (34. Kxg1 b1=Q+) 34... hxg6 35. Qxg6 Kf8 {Threatens to win with ...Ne7.} ({Stronger than} 35... b1=Q 36. Be6+ Kh8 37. Qh5#) 36. Be6 Ke7 37. Qf7+ Kd6 38. Ba2 b1=Q 39. Bxb1 Rxb1 40. Qxb7 Rd7 41. Qc8 Re1 42. Kg4 Rxe3 43. h4 Rxe4+ (43... Be1 $142 44. Qf8+ Kc7 45. Qg8 Rxg3+ 46. Kh5 g6+ {[%mdl 64] Overworked Piece} 47. Qxg6 Rxg6 48. Kxg6 Bxh4 49. Kh5 {[#]} f5 $1 {[%mdl 512]} 50. Kxh4 fxe4 51. Kg3 Rd2 52. Kg4 e3 53. Kf3 e2 54. Kf2 Nd4 55. Ke1 Nf3+ 56. Kf2 e1=Q+ 57. Kxf3 Qh4 58. Ke3 Qf4#) 44. Kh5 {[#]} g6+ $1 45. Kh6 (45. Kxg6 Ne7+) 45... Bd2+ {Accuracy: White = 17%, Black = 60%.} 0-1

[Event "Moscow Open-F 2019"]
[Site "Moscow"]
[Date "2019.01.28"]
[Round "4"]
[White "Kovalev, Egor"]
[Black "Zhaksygulov, Askarbai"]
[Result "0-1"]
[WhiteElo "2234"]
[BlackElo "1795"]
[Annotator "TA"]
[PlyCount "68"]
[EventDate "2019.01.26"]
[EventType "swiss"]
[EventCountry "RUS"]
[SourceTitle "playchess.com"]
[Source "ChessBase"]
[SourceQuality "1"]

{[%evp 17,68,-14,-12,-68,-60,-55,-49,-45,-58,-83,-74,-85,-22,-144,-150,-144,-147,-226,-216,-203,-161,-124,-27,-37,-29,-16,-24,-116,-118,-195,-191,-581,-187,-264,-257,-251,-252,-282,-270,-287,-253,-743,-735,-641,-589,-752,-741,-787,-741,-1166,-1150,-1019,-987]} 1. e4 c6 2. d4 d5 3. e5 Bf5 4. h4 h5 5. c4 e6 6. Nc3 Ne7 7. Bg5 Qb6 {B12: Caro-Kann: Advance Variation} 8. Qd2 Nd7 9. c5 (9. Nf3 Bg4 10. Nh2 Bf5 11. Nf3 Bg4 12. Nh2 f6 13. exf6 gxf6 14. Nxg4 hxg4 15. Bf4 {½-½ (59) Degraeve,J (2579)-Hammer,J (2652) Helsingor 2016}) 9... Qc7 {LiveBook: 4 Games. The position is equal.} 10. b4 (10. Be3 $11) 10... f6 $15 11. exf6 gxf6 12. Be3 $1 O-O-O $146 ({Predecessor:} 12... e5 13. Nge2 Bg6 14. Ng3 Bg7 15. f4 {1-0 (59) Jayakumaar,S (2231)-Devansh,R (1823) Jammu 2015}) 13. a4 e5 14. Nge2 a5 (14... Bg4 $17 {...Nf5 is the strong threat.} 15. Ng3 Ng6) 15. b5 {[#]} (15. Nb5 $1 $11 cxb5 16. axb5) 15... Nxc5 $1 $17 {[%mdl 512]} 16. dxc5 d4 {[%mdl 64] Double Attack} 17. b6 (17. Rd1 $17) 17... dxe3 $19 18. Qxe3 Qd7 19. Rd1 {[#]} Nd5 ({Better is} 19... Qe8 $1 $17 20. Ng3 Rxd1+ 21. Kxd1 Bh6 22. Nxf5 Nxf5) 20. Nxd5 $11 cxd5 21. Ng3 Bc2 $40 {[%mdl 128] Black mounts an attack.} 22. Bb5 (22. Qc3 $1 $11 {remains equal.} Qxa4 23. Ra1) 22... Qg4 $17 {[%csl Gc2][%cal Rg4d1]} 23. O-O (23. Rc1 $17 {was called for.} Bxa4 24. Bxa4 Qxa4 25. Qc3) 23... Bxd1 $19 24. Qd2 $2 (24. Qc3 {is a better chance.} Qb4 25. Qxb4 axb4 26. Rxd1) 24... Qb4 $2 (24... Bxa4 25. Qxa5 Bxb5 26. Qxb5 Qd7) 25. Qxd1 (25. Qxb4 {was worth a try.} axb4 26. Rxd1) 25... Qxc5 26. Nxh5 Qxb6 27. Qf3 Be7 28. Rb1 {Strongly threatening Bd7+!} Kb8 29. Ng7 $2 (29. Qf5) 29... Rxh4 {Black is clearly winning.} 30. g3 Rb4 31. Rd1 Rb2 {And now ...Rxf2! would win.} 32. Nf5 Bc5 33. Be2 e4 34. Qf4+ Ka7 {Accuracy: White = 23%, Black = 73%.} 0-1